000 00365nam a2200145Ia 4500
008 230711s9999||||xx |||||||||||||| ||und||
041 _aENG
082 _a624
_bSI-R
100 _aGurcharan,Singh
245 0 _aTheory and design of RCC structure
250 _a1st
260 _c1986
_aNew Delhi
_bNarosa Publishing House
650 _aCivil Engineering
942 _cBK
999 _c2592
_d2592